000 01564nam a2200253 a 4500
003 AM-YeHGA
001 1625708
005 20250617164520.0
008 190628s1962 ru fr 000 0 rus d
040 _aAM-YeHGA
041 0 _arus
100 1 _aТамаровский, В.И.
245 1 0 _aТочное литье в керамические формы по постоянным моделям :
_bОбзор зарубежной техники /
_cВ.И. Тамаровский, Д.С. Юрьев; Государственный комитет Совета Министров СССР по координации научно-исследовательских работ, Государственный научно-исследовательский институт научной и технической информации.
260 _aМосква :
_bГОСИНТИ,
_c1962.
300 _a30 с.
_bтабл., черт.;
_c21 см.
490 0 _aОбзор зарубежной техники
504 _aБиблиогр.: с. 31
650 1 4 _aЛитье в керамические формы
700 1 _aЮрьев, Д.С.
710 2 _aГосударственный комитет Совета Министров СССР по координации научно-исследовательских работ.
710 2 _aГосударственный научно-исследовательский институт научной и технической информации.
942 _2udc
_cBK
090 _c532828
999 _c525600
_d525600